[Event "TCh-CHN 2012"]
[Site "Beijing CHN"]
[Date "2012.05.01"]
[Round "4"]
[White "Mu, Ke"]
[Black "Lou, Yiping"]
[Result "1/2-1/2"]
[BlackTitle "IM"]
[WhiteElo "2286"]
[BlackElo "2419"]
[WhiteTeam "Qingdao"]
[BlackTeam "Shanghai"]
[WhiteFideId "8602778"]
[BlackFideId "8603928"]
[EventDate "2012.04.28"]

1. c4 Nf6 2. Nc3 e5 3. Nf3 Nc6 4. g3 Bb4 5. Bg2 O-O 6. O-O Re8 7. Nd5 Bf8 8. d3
h6 9. a3 a5 10. Bd2 Nd4 11. e3 Nxf3+ 12. Qxf3 Nh7 13. e4 c6 14. Ne3 Qb6 15. Bc3
Bc5 16. b4 axb4 17. axb4 Rxa1 18. Rxa1 Bxe3 19. Qxe3 Qxe3 20. fxe3 d6 21. Ra7
Kf8 22. c5 dxc5 23. bxc5 Nf6 24. Ra8 Ng4 25. Bh3 Be6 26. Rxe8+ Kxe8 27. Bxg4
Bxg4 28. Bxe5 g6 29. Kf2 Kd7 30. Ke1 Ke6 31. Bf4 h5 32. Kd2 Bf3 33. Kc3 Be2 34.
Kd4 1/2-1/2

[Event "TCh-CHN 2012"]
[Site "Beijing CHN"]
[Date "2012.05.01"]
[Round "4"]
[White "Zhang, Xiaowen"]
[Black "Hoang, Thi Bao Tram"]
[Result "1/2-1/2"]
[WhiteTitle "WGM"]
[BlackTitle "WGM"]
[WhiteElo "2354"]
[BlackElo "2356"]
[WhiteTeam "Shanghai"]
[BlackTeam "Qingdao"]
[WhiteFideId "8603219"]
[BlackFideId "12401102"]
[EventDate "2012.04.28"]

1. e4 c6 2. d4 d5 3. e5 Bf5 4. Be3 Bc8 5. Bc1 Bf5 6. Be3 e6 7. Nd2 Nd7 8. Be2
Ne7 9. f4 Qb6 10. Nb3 Be4 11. Nf3 Nf5 12. Bf2 h5 13. O-O Bxf3 14. Bxf3 g6 15. g3
Be7 16. Qe2 Qc7 17. Rfc1 Nb6 18. Nd2 Rd8 19. a4 a5 20. c3 Kf8 21. Kg2 Kg7 22. b3
Rh7 23. h3 Rdh8 24. Rh1 Qd8 25. Rag1 Kf8 26. Qd1 Nd7 27. Be2 Qb6 28. Nf3 c5 29.
g4 Ng7 30. Bb5 Nb8 31. c4 cxd4 32. cxd5 exd5 33. Bxd4 Qd8 34. e6 Qc8 35. exf7
hxg4 36. Ne5 Qf5 37. Qxg4 Qxg4+ 38. hxg4 Rxh1 39. Rxh1 Rxh1 40. Kxh1 Ne6 41.
Nxg6+ Kxf7 42. Nxe7 Kxe7 43. Be3 d4 44. Bd2 Nc5 45. Bxa5 Nxb3 46. Bb4+ Kf6 47.
Bc4 Na1 48. Bd3 Nc6 49. g5+ Kg7 50. Ba3 Nb3 51. Kg2 b6 52. Be4 Nca5 53. f5 Nc5
54. f6+ Kf7 55. Kf3 Nd7 56. Be7 Ne5+ 57. Kf4 Ng6+ 58. Bxg6+ Kxg6 59. Ke4 Nc6 60.
Bd6 Nd8 61. Bc7 Ne6 62. Bxb6 Nxg5+ 63. Kxd4 Kxf6 64. Bd8+ Ke6 65. a5 Kd7 66.
Bxg5 Kc8 67. Kc5 Kb7 1/2-1/2

[Event "TCh-CHN 2012"]
[Site "Beijing CHN"]
[Date "2012.05.01"]
[Round "4"]
[White "Ju, Wenjun"]
[Black "Gong, Qianyun"]
[Result "1-0"]
[WhiteTitle "WGM"]
[BlackTitle "WIM"]
[WhiteElo "2557"]
[BlackElo "2302"]
[WhiteTeam "Shanghai"]
[BlackTeam "Qingdao"]
[WhiteFideId "8603006"]
[BlackFideId "8602425"]
[EventDate "2012.04.28"]

1. Nf3 f5 2. g3 Nf6 3. Bg2 g6 4. O-O Bg7 5. d4 O-O 6. c4 d6 7. d5 c6 8. Nd4 Qe8
9. Nc3 e5 10. dxc6 bxc6 11. Ndb5 Qd8 12. Qxd6 Qxd6 13. Nxd6 Ba6 14. Rd1 Ne8 15.
Nxe8 Rxe8 16. Nd5 cxd5 17. Bxd5+ Kh8 18. Bxa8 Bxc4 19. e4 Na6 20. Bd5 Be2 21.
Re1 Bf3 22. Re3 Bg4 23. f3 f4 24. Ra3 Bc8 25. Bd2 Bf8 26. Rc3 Nb4 27. gxf4 Nxd5
28. exd5 Bf5 29. Re1 Bb4 30. fxe5 Bxc3 31. bxc3 1-0

[Event "TCh-CHN 2012"]
[Site "Beijing CHN"]
[Date "2012.05.01"]
[Round "4"]
[White "Wang, Rui"]
[Black "Chen, Fan"]
[Result "1/2-1/2"]
[WhiteTitle "GM"]
[BlackTitle "FM"]
[WhiteElo "2407"]
[BlackElo "2375"]
[WhiteTeam "Hebei"]
[BlackTeam "Chengdu"]
[WhiteFideId "8601003"]
[BlackFideId "8600767"]
[EventDate "2012.04.28"]

1. e4 c5 2. Nf3 d6 3. d4 cxd4 4. Nxd4 Nf6 5. Nc3 a6 6. Bc4 e6 7. Bb3 b5 8. O-O
Be7 9. Qf3 Qc7 10. a3 O-O 11. Qg3 Bd7 12. Bh6 Ne8 13. Rad1 Kh8 14. Bg5 Bxg5 15.
Qxg5 Nf6 16. Kh1 Nc6 17. Nxc6 Bxc6 18. f3 e5 19. Rd3 a5 20. Rfd1 b4 21. axb4
axb4 22. Na2 Bb5 23. R3d2 Qc5 24. c3 bxc3 25. Nxc3 h6 26. Qh4 Qb4 27. Bd5 Nxd5
28. Rxd5 Bc4 29. Rxd6 Bb3 30. Qe7 Kg8 31. Rg1 Rfe8 32. Qc7 Rac8 33. Qb6 Qxb6 34.
Rxb6 Rb8 35. Rxb8 Rxb8 36. Rf1 g5 37. Kg1 Rd8 38. Rf2 Rd7 39. Kf1 Kg7 40. Ke1 h5
41. Rd2 Ra7 42. Kf2 Ra1 43. Ke3 Rh1 44. h3 Rg1 45. Kd3 Rc1 46. Rf2 Kf6 47. Nd5+
Ke6 48. Ne3 Kd6 49. Rf1 Rc8 50. Ra1 Be6 51. Ra6+ Kc5 52. Ra3 Kb5 53. Rc3 Ra8 54.
Kc2 Ra1 55. Rd3 Re1 56. Nd5 Kc5 57. Rd1 Re2+ 58. Rd2 Re1 59. Kc3 g4 60. hxg4
hxg4 61. Rc2 Kd6 62. Rd2 Kc5 63. b4+ Kc6 64. Rc2 Kd6 65. Rd2 Kc6 66. Rc2 Kd6 67.
Rd2 Kc6 68. Rb2 gxf3 69. gxf3 Rf1 70. b5+ Kb7 71. Kb4 Rxf3 72. Kc5 f5 73. Kd6
Bxd5 74. Kxd5 1/2-1/2

[Event "TCh-CHN 2012"]
[Site "Beijing CHN"]
[Date "2012.05.01"]
[Round "4"]
[White "Wan, Yunguo"]
[Black "Liu, Guanchu"]
[Result "1-0"]
[WhiteElo "2441"]
[BlackElo "2260"]
[WhiteTeam "Hebei"]
[BlackTeam "Chengdu"]
[WhiteFideId "8603189"]
[BlackFideId "8603901"]
[EventDate "2012.04.28"]

1. e4 Nf6 2. e5 Nd5 3. d4 d6 4. Nf3 dxe5 5. Nxe5 c6 6. Bc4 Nd7 7. Nf3 N7b6 8.
Bb3 Bf5 9. O-O e6 10. Re1 Be7 11. a4 a5 12. Nbd2 O-O 13. Ne4 Qc7 14. Ng3 Bg6 15.
h4 h6 16. h5 Bh7 17. Ne5 Rad8 18. c4 Nb4 19. Bf4 Qc8 20. Qf3 Nc2 21. Bxc2 Bxc2
22. Qc3 Bh7 23. Qxa5 Rxd4 24. Bxh6 Nxc4 25. Qc3 Nxe5 26. Qxd4 Bf6 27. Rxe5 Rd8
28. Qf4 Bxe5 29. Qxe5 gxh6 30. Qf6 Rd2 31. Qxh6 Qd8 32. Qf4 Qd4 33. Qxd4 Rxd4
34. a5 Bd3 35. Ra3 Bb5 36. Re3 Kg7 37. Ne4 Kh6 38. g4 Bc4 39. f3 f5 40. Nf2 Bd5
41. Kf1 Ra4 42. Ke2 Rxa5 43. Nd3 Ra4 44. gxf5 exf5 45. Re5 Kxh5 46. Rxf5+ Kg6
47. Rf4 Ra1 48. Rb4 Kf5 49. Rxb7 Rh1 50. Rb8 Bc4 51. Ke3 Bb5 52. Rf8+ Ke6 53.
Nf4+ Kd6 54. Rd8+ Ke7 55. Rd2 Kf6 56. Ne2 Bxe2 57. Rxe2 Rc1 58. Kd4 c5+ 59. Ke4 1-0

[Event "TCh-CHN 2012"]
[Site "Beijing CHN"]
[Date "2012.05.01"]
[Round "4"]
[White "Ding, Liren"]
[Black "Xiu, Deshun"]
[Result "1-0"]
[WhiteTitle "GM"]
[BlackTitle "GM"]
[WhiteElo "2660"]
[BlackElo "2492"]
[WhiteTeam "Zhejiang"]
[BlackTeam "Beijing"]
[WhiteFideId "8603677"]
[BlackFideId "8603693"]
[EventDate "2012.04.28"]

1. d4 d5 2. c4 c6 3. Nf3 Nf6 4. Nc3 dxc4 5. a4 Bf5 6. Ne5 Nbd7 7. Nxc4 Qc7 8. g3
e5 9. dxe5 Nxe5 10. Bf4 Nfd7 11. Bg2 g5 12. Ne3 gxf4 13. Nxf5 O-O-O 14. Qc2 Kb8
15. gxf4 Nc4 16. e3 Nc5 17. Rd1 Rxd1+ 18. Nxd1 Qa5+ 19. Nc3 Nxb2 20. O-O Ncd3
21. Be4 Rg8+ 22. Ng3 Bg7 23. Nd1 Rd8 24. Qb3 Nc5 25. Qxf7 Qc7 26. Qxc7+ Kxc7 27.
Nxb2 Bxb2 28. Rb1 Bh8 29. Rb4 Rd1+ 30. Kg2 Rc1 31. a5 h6 32. Bg6 Ra1 33. f5 Rxa5
34. Rh4 Bg7 35. Nh5 Bf8 36. f6 Nd7 37. f4 Ra2+ 38. Kf3 a5 39. Ng7 a4 40. Ne6+
Kd6 41. Bf7 Rb2 42. Nxf8 Nxf8 43. e4 a3 44. e5+ Kc7 45. Rxh6 a2 46. Bxa2 Rxa2
47. Rh8 Ne6 48. Re8 Nd8 49. Re7+ Kc8 50. f7 Nxf7 51. Rxf7 b5 52. e6 Kd8 53. f5 1-0

[Event "TCh-CHN 2012"]
[Site "Beijing CHN"]
[Date "2012.05.01"]
[Round "4"]
[White "Wang, Jue"]
[Black "Ding, Yixin"]
[Result "1/2-1/2"]
[BlackTitle "WGM"]
[WhiteElo "2366"]
[BlackElo "2350"]
[WhiteTeam "Beijing"]
[BlackTeam "Zhejiang"]
[WhiteFideId "8604070"]
[BlackFideId "8602972"]
[EventDate "2012.04.28"]

1. e4 c5 2. Nf3 d6 3. d4 cxd4 4. Nxd4 Nf6 5. Nc3 a6 6. Be3 Ng4 7. Bc1 Nf6 8. Be3
Ng4 9. Bc1 Nf6 10. Be3 Ng4 11. Bc1 Nf6 12. Be3 Ng4 13. Bc1 Nf6 1/2-1/2

[Event "TCh-CHN 2012"]
[Site "Beijing CHN"]
[Date "2012.05.01"]
[Round "4"]
[White "Zhao, Xue"]
[Black "Wang, Xiaohui"]
[Result "1-0"]
[WhiteTitle "GM"]
[BlackTitle "WIM"]
[WhiteElo "2543"]
[BlackElo "2209"]
[WhiteTeam "Beijing"]
[BlackTeam "Zhejiang"]
[WhiteFideId "8601283"]
[BlackFideId "8603073"]
[EventDate "2012.04.28"]

1. d4 d5 2. c4 c6 3. Nf3 Nf6 4. e3 e6 5. b3 Bb4+ 6. Nbd2 c5 7. Bb2 cxd4 8. exd4
b6 9. Bd3 O-O 10. O-O Bb7 11. Rc1 Nc6 12. Bb1 Rc8 13. Re1 Qe7 14. Re3 Ba3 15.
Bxa3 Qxa3 16. c5 bxc5 17. b4 Qa6 18. dxc5 Ba8 19. Bd3 Qb7 20. b5 Ne7 21. Qa4 Rc7
22. Nb3 Rfc8 23. Qd4 Ne4 24. Ree1 Ng6 25. a4 Qb8 26. a5 Re7 27. b6 Bc6 28. a6 e5
29. Qb4 Re6 30. b7 Rc7 31. Bxe4 dxe4 32. Ng5 Rf6 33. Red1 h6 34. Nxe4 Bxe4 35.
Qxe4 Rxa6 36. c6 Ne7 37. Qd3 Raxc6 38. Qd8+ Qxd8 39. Rxd8+ Kh7 40. Rxc6 Nxc6 41.
b8=Q Nxb8 42. Rxb8 Kg6 43. Kf1 Rc2 44. Ra8 Ra2 45. g3 f5 46. Re8 Kf6 47. Nc5 e4
48. Re6+ Kf7 49. Rd6 a5 50. Ra6 Ke7 51. h4 Kf7 52. Nb7 e3 53. fxe3 a4 54. Nc5 a3
55. Nb3 g5 56. h5 Kg7 57. Nd4 Ra1+ 58. Kg2 Ra2+ 59. Kf3 Ra1 60. Nxf5+ Kf8 61.
Ke4 1-0

[Event "TCh-CHN 2012"]
[Site "Beijing CHN"]
[Date "2012.05.01"]
[Round "4"]
[White "Wang, Chen"]
[Black "Liu, Qingnan"]
[Result "1/2-1/2"]
[WhiteTitle "IM"]
[BlackTitle "IM"]
[WhiteElo "2490"]
[BlackElo "2461"]
[WhiteTeam "Chongqing"]
[BlackTeam "Tianjin"]
[WhiteFideId "8601020"]
[BlackFideId "8603294"]
[EventDate "2012.04.28"]

1. e4 d6 2. d4 g6 3. Nf3 Bg7 4. Be2 Bg4 5. O-O Nc6 6. d5 Bxf3 7. Bxf3 Ne5 8. Be2
c6 9. c4 Nd7 10. Nc3 Bxc3 11. bxc3 Ngf6 12. f3 Qb6+ 13. Kh1 O-O 14. Qc2 Qc5 15.
a4 Rac8 16. Ba3 Qe3 17. Bc1 Qc5 18. Ba3 Qa5 19. Rfc1 Nh5 20. Rab1 Qc7 21. Qd2
Nb6 22. Qd1 cxd5 23. cxd5 Nf4 24. Bf1 Nc4 25. Rb3 Qd7 26. Rcb1 b6 27. Bc1 e5 28.
dxe6 Nxe6 29. Rb5 Rc7 30. Rd5 Qe7 31. Bxc4 Rxc4 32. Ba3 Rfc8 33. Bxd6 Qe8 34. a5
Rxc3 35. axb6 axb6 36. Be5 Rc2 37. Rd2 Qc6 38. Rxc2 Qxc2 39. Qxc2 Rxc2 40. h4
Rc5 41. Bf6 Rc6 42. Ra1 Nc7 43. Bd4 Kf8 44. Rb1 b5 45. Be5 h5 46. Kh2 Ke7 47.
Kg3 Rc5 48. Bxc7 Rxc7 49. Rxb5 Rc2 50. Rb1 Ke6 51. Rf1 f5 52. exf5+ Kxf5 53. Rf2
Rc3 54. Ra2 Rc6 55. Ra4 Kf6 56. Kf4 Rb6 57. Ke4 Rb2 58. Ra6+ Kf7 59. g3 Rb4+ 60.
Ke5 Rb5+ 61. Kf4 Rc5 62. Rd6 Ra5 63. Ke4 Ra3 64. Rd3 Ra5 65. Rd5 Ra3 66. Kf4 Kf6
67. Rd6+ Kf7 68. Rb6 Ra5 69. g4 hxg4 70. fxg4 g5+ 71. hxg5 Kg7 72. g6 Rc5 73.
Re6 Ra5 74. g5 Ra1 75. Rf6 Rf1+ 76. Ke5 Re1+ 77. Kf5 Rf1+ 78. Ke6 Re1+ 79. Kd6
Rg1 80. Ke7 Rxg5 81. Rf7+ Kxg6 82. Rf6+ Kh5 83. Kf7 Ra5 84. Re6 Kg5 85. Rg6+ Kf5
86. Rf6+ Ke5 87. Re6+ Kf4 88. Kf6 Rh5 89. Re1 Rh6+ 90. Kg7 Ra6 91. Kf7 Kf5 92.
Rf1+ Ke5 93. Re1+ Kf5 94. Rf1+ Ke5 95. Re1+ 1/2-1/2

[Event "TCh-CHN 2012"]
[Site "Beijing CHN"]
[Date "2012.05.01"]
[Round "4"]
[White "Gao, Rui"]
[Black "Andriasian, Zaven"]
[Result "1/2-1/2"]
[WhiteTitle "IM"]
[BlackTitle "GM"]
[WhiteElo "2417"]
[BlackElo "2616"]
[WhiteTeam "Chongqing"]
[BlackTeam "Tianjin"]
[WhiteFideId "8602387"]
[BlackFideId "13302000"]
[EventDate "2012.04.28"]

1. e4 c5 2. Nf3 d6 3. d4 cxd4 4. Nxd4 Nf6 5. Nc3 a6 6. Bg5 e6 7. f4 Qb6 8. Qd3
Qxb2 9. Rb1 Qa3 10. f5 Qa5 11. Qc4 Nbd7 12. fxe6 Qxg5 13. exf7+ Ke7 14. Qe6+ Kd8
15. Qe8+ Nxe8 16. Ne6+ Ke7 17. fxe8=Q+ Kxe8 18. Nxg5 Ra7 19. Bc4 Ne5 20. Be6
Bxe6 21. Nxe6 Kd7 22. Nd4 Nc6 23. Nxc6 bxc6 24. Rb8 Kc7 25. Re8 Kd7 26. Rb8 Kc7
27. Re8 Kd7 28. Rb8 1/2-1/2

[Event "TCh-CHN 2012"]
[Site "Beijing CHN"]
[Date "2012.05.01"]
[Round "4"]
[White "Danielian, Elina"]
[Black "Huang, Qian"]
[Result "0-1"]
[WhiteTitle "GM"]
[BlackTitle "WGM"]
[WhiteElo "2478"]
[BlackElo "2399"]
[WhiteTeam "Tianjin"]
[BlackTeam "Chongqing"]
[WhiteFideId "13300210"]
[BlackFideId "8602689"]
[EventDate "2012.04.28"]

1. d4 g6 2. Nf3 Bg7 3. c4 Nf6 4. g3 c5 5. Bg2 cxd4 6. O-O O-O 7. Qxd4 Nc6 8. Qh4
Qa5 9. Nc3 d6 10. Bh6 Qh5 11. Qxh5 Nxh5 12. Bg5 h6 13. Bd2 Nf6 14. Rac1 Be6 15.
b3 Rac8 16. Rfd1 Rfe8 17. Be1 Nd7 18. e3 Nc5 19. Nd4 Bd7 20. Nxc6 Bxc6 21. f3 a6
22. Nd5 b5 23. Nb4 Bd7 24. cxb5 axb5 25. Nd5 Rb8 26. Bb4 Na6 27. Ba5 Be6 28. b4
Kf8 29. Rc6 Ra8 30. f4 Ra7 31. Rdc1 Bb2 32. R1c2 Ba3 33. R2c3 Bxd5 34. Bxd5 Nxb4
35. Bxb4 Bxb4 36. Rd3 Bc5 37. Kg2 e6 38. Bb3 e5 39. fxe5 Rxe5 40. Rc8+ Kg7 41.
Rb8 b4 42. Bd5 Rxd5 43. Rxd5 Rxa2+ 44. Kf3 Rxh2 45. Rb7 Kf6 46. Rd1 Ke6 47. Ra1
Rh5 48. Ra8 Rf5+ 49. Ke2 Kf6 50. Rf8 Kg7 51. Re8 h5 52. Re4 g5 53. g4 hxg4 54.
Rxg4 Re5 55. e4 Kg6 56. Kf3 d5 57. exd5 Rxd5 58. Rb5 Rd3+ 59. Ke2 Rc3 60. Rb8
Kf5 61. Rg2 Rc2+ 62. Kf1 Ke4 63. Rg8 f6 0-1

[Event "TCh-CHN 2012"]
[Site "Taizhou CHN"]
[Date "2012.06.27"]
[Round "5"]
[White "Chen, Fan"]
[Black "Lu, Shanglei"]
[Result "0-1"]
[WhiteTitle "FM"]
[BlackTitle "GM"]
[WhiteElo "2375"]
[BlackElo "2514"]
[WhiteTeam "Chengdu"]
[BlackTeam "Zhejiang"]
[WhiteFideId "8600767"]
[BlackFideId "8603332"]
[EventDate "2012.04.28"]

1. e4 c5 2. Nf3 g6 3. d4 cxd4 4. Nxd4 Nf6 5. Nc3 d6 6. g3 Bg4 7. f3 Bd7 8. Be3
Bg7 9. Qd2 Nc6 10. O-O-O Rc8 11. Be2 Ne5 12. g4 Be6 13. Nxe6 fxe6 14. Bd4 Qa5
15. f4 Nc6 16. Bxf6 Bxf6 17. e5 Nxe5 18. fxe5 Bxe5 19. Bb5+ Kd8 20. Qe2 Bxc3 21.
bxc3 Qxa2 22. Qe3 Qa5 23. Be2 Rxc3 24. Qd4 e5 25. Qd5 Qa3+ 26. Kd2 Qb4 27. Kc1
Qa4 28. Bd3 Qa3+ 29. Kd2 Qb4 30. Rb1 Rb3+ 31. c3 Qxc3+ 32. Ke3 Rxb1 33. Rxb1 Rf8
34. Ke2 b6 35. Qa8+ Qc8 36. Qxa7 Qxg4+ 37. Ke1 Qg1+ 38. Kd2 Qg2+ 39. Kd1 Qh1+
40. Kd2 Rf2+ 41. Kc3 Qc6+ 42. Bc4 d5 0-1

[Event "TCh-CHN 2012"]
[Site "Taizhou CHN"]
[Date "2012.06.27"]
[Round "5"]
[White "Liu, Guanchu"]
[Black "Yu, Lie"]
[Result "0-1"]
[BlackTitle "IM"]
[WhiteElo "2260"]
[BlackElo "2417"]
[WhiteTeam "Chengdu"]
[BlackTeam "Zhejiang"]
[WhiteFideId "8603901"]
[BlackFideId "8603715"]
[EventDate "2012.04.28"]

1. e4 e5 2. Nf3 Nc6 3. Bc4 Bc5 4. c3 Nf6 5. d4 exd4 6. e5 d5 7. Bb5 Ne4 8. cxd4
Bb6 9. Nc3 O-O 10. Be3 Bg4 11. h3 Bh5 12. Rc1 Ne7 13. Bd3 f5 14. g4 Bg6 15. gxf5
Nxf5 16. Nxd5 Nxe3 17. Nxe3 Ba5+ 0-1

[Event "TCh-CHN 2012"]
[Site "Taizhou CHN"]
[Date "2012.06.27"]
[Round "5"]
[White "Wang, Xiaohui"]
[Black "Harika, Dronavalli"]
[Result "0-1"]
[WhiteTitle "WIM"]
[BlackTitle "WIM"]
[WhiteElo "2209"]
[BlackElo "2501"]
[WhiteTeam "Zhejiang"]
[BlackTeam "Chengdu"]
[WhiteFideId "8603073"]
[BlackFideId "5015197"]
[EventDate "2012.04.28"]

1. d4 e6 2. c4 d5 3. Nc3 Bb4 4. Nf3 Nf6 5. e3 O-O 6. Qc2 c5 7. a3 Bxc3+ 8. bxc3
Qc7 9. Bd3 dxc4 10. Bxc4 b6 11. O-O cxd4 12. cxd4 Ba6 13. Bd3 Qxc2 14. Bxc2 Rc8
15. Ne1 Bxf1 16. Kxf1 Nc6 17. Bd2 Rc7 18. Rb1 Nd5 19. Bd3 Na5 20. Rb5 Nc3 21.
Rb2 Rac8 22. Ba6 Rd8 23. Nd3 Nd5 24. Bxa5 bxa5 25. Rb5 a4 26. Nc5 Nc3 27. Ra5 e5
28. Nb7 Rd5 29. Rxd5 Nxd5 30. dxe5 Nb4 31. axb4 a3 32. Na5 a2 33. Nb3 0-1

[Event "TCh-CHN 2012"]
[Site "Taizhou CHN"]
[Date "2012.06.27"]
[Round "5"]
[White "Zhai, Mo"]
[Black "Zhang, Xiaowen"]
[Result "0-1"]
[WhiteTitle "WFM"]
[BlackTitle "WGM"]
[WhiteElo "2262"]
[BlackElo "2354"]
[WhiteTeam "Hebei"]
[BlackTeam "Shanghai"]
[WhiteFideId "8600201"]
[BlackFideId "8603219"]
[EventDate "2012.04.28"]

1. e4 e6 2. d4 d5 3. Nc3 Nf6 4. e5 Nfd7 5. f4 c5 6. Nf3 Nc6 7. Be3 cxd4 8. Nxd4
Bc5 9. Qd2 O-O 10. O-O-O Bxd4 11. Bxd4 Qa5 12. Kb1 Rb8 13. h4 b5 14. h5 Nxd4 15.
Qxd4 b4 16. Ne2 Ba6 17. Nc1 Bxf1 18. Rhxf1 Rfc8 19. h6 g6 20. f5 Qc7 21. Qf2
Nxe5 22. Qh4 gxf5 23. Qf6 Kf8 24. Qg7+ Ke7 25. Rde1 Nc4 26. Re2 Rg8 27. Qd4 Rg4
28. Qd3 Re4 0-1

[Event "TCh-CHN 2012"]
[Site "Taizhou CHN"]
[Date "2012.06.27"]
[Round "5"]
[White "Lou, Yiping"]
[Black "Zhang, Pengxiang"]
[Result "1-0"]
[WhiteTitle "IM"]
[BlackTitle "GM"]
[WhiteElo "2419"]
[BlackElo "2591"]
[WhiteTeam "Shanghai"]
[BlackTeam "Hebei"]
[WhiteFideId "8603928"]
[BlackFideId "8600970"]
[EventDate "2012.04.28"]

1. d4 Nf6 2. c4 e6 3. Nc3 Bb4 4. Qc2 c5 5. dxc5 O-O 6. Nf3 Na6 7. c6 bxc6 8. g3
d5 9. Bg2 d4 10. a3 Be7 11. Ne4 Nxe4 12. Qxe4 Nc5 13. Qxd4 Nb3 14. Qxd8 Rxd8 15.
Rb1 Bf6 16. Bf4 Ba6 17. Ne5 Bxe5 18. Bxe5 Rac8 19. Rd1 f6 20. Bc3 c5 21. f4
Rxd1+ 22. Kxd1 Bxc4 23. Kc2 Kf7 24. e3 Ke7 25. g4 a5 26. Be4 h6 27. a4 Rb8 28.
Rd1 Be2 29. Re1 Ba6 30. g5 hxg5 31. fxg5 c4 32. gxf6+ gxf6 33. Rg1 Nc5 34. Rg7+
Kd6 35. Bxa5 Rc8 36. Bf3 Nxa4 37. Bb4+ Ke5 38. Ra7 Rb8 39. Ba3 Rb6 40. h4 Kf5
41. h5 Bb5 42. h6 Rb8 43. h7 Rh8 44. Ra5 Rxh7 45. Rxb5+ e5 46. Rb4 Rh2+ 47. Kd1
Nc5 48. Rxc4 Nb3 49. Rc3 Nd2 50. Be2 Ne4 51. Bd3 Rh3 52. Bxe4+ Kxe4 53. Bc5 f5
54. Kc2 Rh2+ 55. Kb3 f4 56. exf4 exf4 57. Rc2 1-0

[Event "TCh-CHN 2012"]
[Site "Taizhou CHN"]
[Date "2012.06.27"]
[Round "5"]
[White "Wang, Doudou"]
[Black "Ju, Wenjun"]
[Result "0-1"]
[BlackTitle "WGM"]
[WhiteElo "2186"]
[BlackElo "2557"]
[WhiteTeam "Hebei"]
[BlackTeam "Shanghai"]
[WhiteFideId "8603197"]
[BlackFideId "8603006"]
[EventDate "2012.04.28"]

1. d4 Nf6 2. c4 g6 3. Nc3 Bg7 4. e4 d6 5. f3 O-O 6. Be3 e5 7. Nge2 c6 8. Qd2
Nbd7 9. O-O-O a6 10. h4 Qa5 11. h5 b5 12. hxg6 fxg6 13. Qc2 Nb6 14. c5 Nc4 15.
Bg1 d5 16. dxe5 Nxe5 17. Bd4 Qc7 18. Qb3 Be6 19. Nf4 Bf7 20. exd5 Nxf3 21. gxf3
Qxf4+ 22. Kb1 Nxd5 23. Bxg7 Ne3 24. Bh6 Bxb3 25. Bxf4 Nxd1 26. axb3 Nxc3+ 27.
bxc3 Rxf4 28. Be2 Re8 29. Bd1 h5 30. Rg1 Kg7 31. Bc2 Re6 32. Be4 h4 33. Kc2
Rfxe4 34. fxe4 Rxe4 35. Kd3 Re5 36. b4 h3 37. Rh1 Rh5 38. Ke4 h2 39. Kf3 Kf6 40.
Kg4 Ke5 0-1

[Event "TCh-CHN 2012"]
[Site "Taizhou CHN"]
[Date "2012.06.27"]
[Round "5"]
[White "Zhou, Jianchao"]
[Black "Wan, Yunguo"]
[Result "0-1"]
[WhiteTitle "GM"]
[WhiteElo "2625"]
[BlackElo "2441"]
[WhiteTeam "Shanghai"]
[BlackTeam "Hebei"]
[WhiteFideId "8603537"]
[BlackFideId "8603189"]
[EventDate "2012.04.28"]

1. d4 Nf6 2. c4 g6 3. Nc3 d5 4. Bg5 Ne4 5. Bh4 Nxc3 6. bxc3 Bg7 7. e3 c5 8. cxd5
Qxd5 9. Nf3 Nc6 10. Be2 cxd4 11. cxd4 e5 12. dxe5 Qa5+ 13. Qd2 Qxd2+ 14. Kxd2
Nxe5 15. Rab1 O-O 16. Nd4 Nc6 17. Nxc6 bxc6 18. Bc4 Re8 19. Rhc1 Be6 20. Rb7 Bf8
21. Bf6 c5 22. Kd3 Bxc4+ 23. Rxc4 Reb8 24. Rxb8 Rxb8 25. g4 h6 26. h4 Rb6 27. g5
Ra6 28. a4 h5 29. Be5 Be7 30. Ke4 Kf8 31. Bb8 Ke8 32. Kd5 Kd7 33. Rf4 f6 34.
gxf6 Bxf6 35. e4 c4 36. Kxc4 Ke6 37. Kc5 Rxa4 38. f3 a6 39. Bc7 Bd4+ 40. Kc6
Rc4+ 41. Kb7 Rxc7+ 42. Kxa6 Ke5 0-1

[Event "TCh-CHN 2012"]
[Site "Taizhou CHN"]
[Date "2012.06.27"]
[Round "5"]
[White "Sun, Fanghui"]
[Black "Guo, Qi"]
[Result "1/2-1/2"]
[BlackTitle "WGM"]
[WhiteElo "2136"]
[BlackElo "2351"]
[WhiteTeam "Shandong"]
[BlackTeam "Jiangsu"]
[WhiteFideId "8604150"]
[BlackFideId "8604002"]
[EventDate "2012.04.28"]

1. e4 c6 2. d4 d5 3. Nd2 dxe4 4. Nxe4 Bf5 5. Ng3 Bg6 6. h4 h6 7. Nf3 Nd7 8. h5
Bh7 9. Bd3 Bxd3 10. Qxd3 e6 11. Bf4 Qa5+ 12. Bd2 Bb4 13. a3 Bxd2+ 14. Qxd2 Qd5
15. Qb4 b5 16. Qb3 Ngf6 17. a4 Qxb3 18. cxb3 bxa4 19. Rxa4 Ke7 20. Ke2 Rhb8 21.
Nd2 Rb5 22. Rha1 Nxh5 23. Nxh5 Rxh5 24. Rxa7 Rxa7 25. Rxa7 Rd5 26. Ke3 f5 27.
Nc4 f4+ 28. Ke4 Kf6 29. b4 e5 30. dxe5+ Nxe5 31. Nxe5 Rxe5+ 32. Kxf4 Re2 33. Kf3
Rxb2 34. Ra6 Rb3+ 35. Ke2 Ke5 1/2-1/2

[Event "TCh-CHN 2012"]
[Site "Taizhou CHN"]
[Date "2012.06.27"]
[Round "5"]
[White "Zhou, Weiqi"]
[Black "Wen, Yang"]
[Result "1/2-1/2"]
[WhiteTitle "GM"]
[BlackTitle "GM"]
[WhiteElo "2628"]
[BlackElo "2549"]
[WhiteTeam "Jiangsu"]
[BlackTeam "Shandong"]
[WhiteFideId "8601674"]
[BlackFideId "8602956"]
[EventDate "2012.04.28"]

1. Nf3 Nf6 2. b3 g6 3. Bb2 Bg7 4. g3 d6 5. d4 c5 6. Bg2 cxd4 7. Nxd4 d5 8. c4
dxc4 9. bxc4 Qb6 10. Qb3 Nfd7 11. Nb5 Bxb2 12. Qxb2 O-O 13. N1c3 Nc5 14. Qa3 Be6
15. Rb1 Nbd7 16. O-O Bxc4 17. Rb4 Bxb5 18. Rxb5 Qc7 19. Na4 Nxa4 20. Rxb7 Qc8
21. Rc1 Nac5 22. Rxd7 Qxd7 23. Bxa8 Rxa8 24. Qxc5 Rb8 25. h4 h5 26. Kh2 Rb6 27.
Rc3 Rf6 28. Rf3 Rxf3 29. exf3 e6 30. Kg2 Qa4 1/2-1/2

[Event "TCh-CHN 2012"]
[Site "Taizhou CHN"]
[Date "2012.06.27"]
[Round "5"]
[White "Pham, Le Thao Nguyen"]
[Black "Li, Xueyi"]
[Result "1-0"]
[WhiteTitle "WGM"]
[WhiteElo "2531"]
[BlackElo "2076"]
[WhiteTeam "Qingdao"]
[BlackTeam "Guangdong"]
[WhiteFideId "12401226"]
[BlackFideId "8605912"]
[EventDate "2012.04.28"]

1. d4 Nf6 2. Bf4 e6 3. e3 Be7 4. Nd2 c5 5. c3 O-O 6. h3 cxd4 7. exd4 d6 8. Ngf3
b6 9. Be2 Ba6 10. O-O Bxe2 11. Qxe2 Nd5 12. Bg3 Nd7 13. a4 a6 14. Ne1 N7f6 15.
Nc2 Qd7 16. c4 Nc7 17. Rfd1 Rfc8 18. Ne3 d5 19. Be5 Nce8 20. b3 Qb7 21. Qf3 Ra7
22. Rac1 Ba3 23. Rc2 Nd7 24. cxd5 Nxe5 25. dxe5 Rd8 26. d6 f6 27. Nec4 Bc5 28.
Ne4 fxe5 29. Nxe5 Nxd6 30. Nc6 Rf8 31. Nxd6 Bxd6 32. Qg4 Bc5 33. Nxa7 Qxa7 34.
b4 1-0